Right or Wrong Company Slogan? Quiz Stats

 Plays Quiz Updated Oct 19, 2018

Score 0/25 Timer 06:00
2 Plays Today
Question Answer Wrong Answers
Subway - Eat Fresh. Right
91.5%
Wrong
2.2%
Harley Davidson - American by Birth. Rebel by Choice. Right
83.1%
Wrong
10.5%
KFC - Have it your way Wrong
80.2%
Right
13.6%
Levis - Quality never goes out of style Right
79%
Wrong
14.6%
M&Ms - Taste the rainbow Wrong
78.9%
Right
14.8%
L'Oreal - Because you're worth it Right
78.1%
Wrong
15.5%
Walmart - Save Money. Live Better. Right
75.9%
Wrong
17.6%
Ajax - Stronger than dirt Right
70.6%
Wrong
22.9%
Nike - Impossible is nothing Wrong
67.9%
Right
25.9%
Disneyland - Pleasing people the world over. Wrong
65.9%
Right
27.7%
Gatorade - Is it in you? Right
65.8%
Wrong
27.9%
Energizer - Charged up. Wrong
65.6%
Right
28%
General Electric - Electrification at home. Wrong
62.2%
Right
31.5%
Playstation - The best play here. Wrong
57.5%
Right
36.2%
Calvin Klein - Feel Free to Fashion Wrong
56.6%
Right
37.1%
Coca Cola - Taste the Feeling. Right
53.9%
Wrong
40%
Packard - Ask the man who owns one. Right
52%
Wrong
41.2%
Volkswagen - The Ultimate Driving Machine Wrong
51.7%
Right
41.9%
Samsung - Think different. Wrong
50.9%
Right
42.8%
Pizza Hut - Gather 'round the good stuff Right
49.5%
Wrong
44.1%
Kay Jewelers - A Diamond is Forever Wrong
47.6%
Right
45.9%
Audi - There is no substitute. Wrong
43%
Right
50.4%
Sporcle - The Quiz and Trivia Community Wrong
37.7%
Right
55.9%
FedEx - When there is no tomorrow Right
36.5%
Wrong
57%
Reebok - I am what I am. Right
30%
Wrong
63.6%

You're not logged in!

Compare scores with friends on all Sporcle quizzes.
OR
Log In

Sporcle TV

Today on Sporcle TV


Watch our educational content, quiz creation guides, and fun videos on Sporcle TV.

Show Comments

Extras

Top Quizzes Today


Score Distribution

Your Account Isn't Verified!

In order to create a playlist on Sporcle, you need to verify the email address you used during registration. Go to your Sporcle Settings to finish the process.

Report this User

Report this user for behavior that violates our Community Guidelines.

Details: